000 00273nam a2200121Ia 4500
008 190216s9999||||xx |||||||||||||| ||und||
100 _aArun Kamal
245 0 _aHindi- Nayeilake Mein
260 _bSasthrna Prakasan
_c2008
300 _a96
650 _aHindi
942 _cBK
999 _c16556
_d16556